书目信息 |
| 题名: |
包装集
|
|
| 作者: | 谢荣全 , 谢荣全 编著 | |
| 分册: | ||
| 出版信息: | 北京 中国物资出版社 2004 |
|
| 页数: | 462页 | |
| 开本: | 23cm | |
| 丛书名: | ||
| 单 册: | ||
| 中图分类: | F426.89 | |
| 科图分类: | ||
| 主题词: | 包装--工业企业管理--中国--文集 , 包装 , 工业企业管理 | |
| 电子资源: | ||
| ISBN: | 7-5047-2207-3 | |
| 000 | 01143nam0 2200337 450 | |
| 000 | 01108nam0 2200325 450 | |
| 000 | 01071nam0 2200313 450 | |
| 000 | 00977nam0 2200301 450 | |
| 000 | 00940nam0 2200289 450 | |
| 000 | 00873nam0 2200265 450 | |
| 001 | 0104000022 | |
| 005 | 20061027095738.93 | |
| 010 | @a7-5047-2207-3@dCNY42.00 | |
| 100 | @a20051012d2004 emky0chiy0110 ea | |
| 101 | 0 | @achi |
| 102 | @aCN@b110000 | |
| 105 | @ay z 000yy | |
| 200 | 1 | @a包装集@Abao zhuang ji@f谢荣全编著@Fxie rong quan bian zhu |
| 210 | @a北京@c中国物资出版社@d2004 | |
| 215 | @a462页@d23cm | |
| 330 | @a本书是作者对包装工业企业管理进行讨论的文集,介绍了《包装改进工作要常抓不懈向纵深发展》、《试论行业管理和协会工作者的整体素质》等,并介绍了本行业主要活动与会议。 | |
| 606 | 0 | @a包装@x工业企业管理@x中国@j文集 |
| 606 | 0 | @a包装 |
| 606 | 0 | @a工业企业管理 |
| 690 | @aF426.89@v4 | |
| 701 | 0 | @a谢荣全@9xie rong quan@4编著 |
| 701 | 0 | @a谢荣全@Axie rong quan@4编著 |
| 801 | 0 | @aCN@b北京荣雅伟业图书经销中心@c20061027 |
| 905 | @aBZT@dF426.89@e2 | |
| 906 | @dCNY42.00@n0@r1 | |
| 包装集/谢荣全编著.-北京:中国物资出版社,2004 |
| 462页;23cm |
| ISBN 7-5047-2207-3:CNY42.00 |
| 本书是作者对包装工业企业管理进行讨论的文集,介绍了《包装改进工作要常抓不懈向纵深发展》、《试论行业管理和协会工作者的整体素质》等,并介绍了本行业主要活动与会议。 |
| ● |
| 相关链接 |
|
|
|
正题名:包装集
索取号:F426.89/2
 
预约/预借
| 序号 | 登录号 | 条形码 | 馆藏地/架位号 | 状态 | 备注 |
| 1 | 511856 | 230092554 | 中心书库北库/ 北库017架B面5列4层39/ [索取号:F426.89/2] | 在馆 | |
| 2 | 511857 | 230092553 | 中心书库北库/ 北库017架B面5列4层35/ [索取号:F426.89/2] | 在馆 | |
| 3 | 511858 | 230092556 | 中心书库北库/ 北库017架B面5列4层38/ [索取号:F426.89/2] | 在馆 | |
| 4 | 511859 | 230092555 | 中心书库北库/ 北库017架B面5列4层37/ [索取号:F426.89/2] | 在馆 | |
| 5 | 511860 | 230092558 | 中心书库北库/ 北库017架B面5列4层36/ [索取号:F426.89/2] | 在馆 |